000 00750nam a2200217Ia 4500
005 20241129110925.0
008 241129s9999||||xx |||||||||||||| ||und||
020 _a978-93-5072-164-3
037 _aTB
040 _aCRL
_bhin
_cCRL
041 _ahin
_2hin
084 _aO152,6M80x Q2
_qCRL
100 _aजैन, निर्मला, संपा.
245 0 _aनिबन्धों की दुनिया प्रेमचन्द
_cजैन, निर्मला, संपा.
260 _aनई दिल्ली, भारत
_bवाणी प्रकाशन
_c2012
300 _a216पृ0
365 _aINR
_b395
650 _aHindi Prose
942 _cTB
_hO152,6M80x Q2
999 _c1228120
_d1228120